Dokonalé ticho /
Čtvrtý detektivní případ inspektora Luca Callanacha a šéfinspektorky Avy Turnerové.
Uloženo v:
| Série: | Inspektor Luc Callanach,
část 4 |
|---|---|
| Hlavní autor: | |
| Další autoři: | |
| Médium: | E-kniha |
| Jazyk: | Czech |
| Vydáno: |
Praha :
Kniha Zlin,
2020
|
| Vydání: | Vydání první |
| Edice: | Thrill
|
| Témata: | |
| Příbuzné jednotky: | Z cyklu::
Inspektor Luc Callanach |
| Tagy: |
Žádné tagy |
| LEADER | 02579cam a2200505 i 4500 | ||
|---|---|---|---|
| 001 | 311168 | ||
| 003 | CZ PrSKC | ||
| 005 | 20260601215700.0 | ||
| 007 | ta | ||
| 008 | 200424s2020 xr g 000 f cze d | ||
| 015 | |a cnb003216208 | ||
| 020 | |a 9788074739842 |q (vázáno) | ||
| 035 | |a (OCoLC)1200257970 | ||
| 040 | |a CBA001 |b cze |d ABG001 |d ABA001 |e rda | ||
| 041 | 1 | |a cze |h eng | |
| 072 | 7 | |a 821.111-3 |x Anglická próza, anglicky psaná |2 Konspekt | |
| 080 | |a 821.111-31 |2 MRF | ||
| 080 | |a (0:82-312.4) |2 MRF | ||
| 100 | 1 | |a Fields, Helen, |d 1969- |7 xx0224480 |4 aut | |
| 240 | 1 | 0 | |a Perfect silence. |l Česky |
| 245 | 1 | 0 | |a Dokonalé ticho / |c Helen Fieldsová ; přeložila Nela Knapová |
| 250 | |a Vydání první | ||
| 264 | 1 | |a Praha : |b Kniha Zlin, |c 2020 | |
| 300 | |a 384 stran ; |c 21 cm | ||
| 336 | |a text |b txt |2 rdacontent | ||
| 337 | |a bez média |b n |2 rdamedia | ||
| 338 | |a svazek |b nc |2 rdacarrier | ||
| 490 | 1 | |a Thrill ; |v svazek 32 | |
| 500 | |a Přeloženo z angličtiny | ||
| 520 | 2 | |a Čtvrtý detektivní případ inspektora Luca Callanacha a šéfinspektorky Avy Turnerové. |b Na okraji Edinburghu je nalezeno pohozené dívčí tělo s vyřezanými kusy kůže. Když později inspektor Luc Callanach objeví vedle opuštěného kojence strašidelnou postavičku, pochopí princip zvrácené hry: vrah bere materiál na panenky z těla svých obětí. Navíc někdo drogově závislým v bezvědomí vyřezává do tváře písmeno Z. Jde o stejného pachatele? Luc a jeho kolegyně Ava musí vypátrat zabijáka dřív, než udeří znovu - stihnou to, nebo už je příliš pozdě? Nakladatelská anotace. | |
| 655 | 7 | |a anglické romány |7 fd131814 |2 czenas | |
| 655 | 7 | |a detektivní romány |7 fd132010 |2 czenas | |
| 655 | 7 | |a thrillery (romány) |7 fd184206 |2 czenas | |
| 655 | 9 | |a English fiction |2 eczenas | |
| 655 | 9 | |a detective novels |2 eczenas | |
| 655 | 9 | |a thrillers (novels) |2 eczenas | |
| 700 | 1 | |a Knapová, Nela |7 ola2015884249 |4 trl | |
| 787 | 0 | 8 | |i Z cyklu: |t Inspektor Luc Callanach |g 4 |
| 830 | 0 | |a Thrill | |
| 900 | |a ABA001 |b 21 | ||
| 928 | 9 | |a Albatros Media - Kniha Zlin | |
| 044 | |a xr | ||
| 910 | |a RBIT002 | ||
| 998 | |d 205706 |a https://core.palmknihy.cz/api/books/205706/cover?si8xha |b https://core.palmknihy.cz/api/books/205706/cover/400?si8xha |c https://core.palmknihy.cz/api/books/205706/cover/50?si8xha |e 2029-03-08 |g 392 |i 9788074739842 |j https://core.palmknihy.cz/api/books/205706/preview.epub |k https://core.palmknihy.cz/api/books/205706/preview.pdf |l |q 49 |r 1 |s https://www.palmknihy.cz/kniha/205706 |t ebook |y 2020 |z 0 |v Luc Callanach |w 4 | ||
| 999 | |d 311166 | ||